Statistics for MLB Teams that Have Never Moved or Changed Names

Click here to take the quiz!

General Stats

  • This quiz has been taken 70 times
  • The average score is 5 of 7

Answer Stats

FoundedTeam% Correct
1962New York Mets
77%
1998Arizona Diamondbacks
75%
1977Seattle Mariners
72%
1993Colorado Rockies
67%
1901Detroit Tigers
61%
1977Toronto Blue Jays
61%
1969Kansas City Royals
54%

Score Distribution

Percentile by Number Answered

Percent of People with Each Score

Your Score History

You have not taken this quiz